The introduction of an old-age pension in a growing economy (Registro nro. 26049)

Detalles MARC
000 -LEADER
fixed length control field 00379 a2200121 4500
001 - CONTROL NUMBER
control field ART_21178
005 - DATE AND TIME OF LATEST TRANSACTION
control field 20260410161902.0
008 - FIXED-LENGTH DATA ELEMENTS--GENERAL INFORMATION
fixed length control field 260409a
100 1# - MAIN ENTRY--PERSONAL NAME
Personal name Van Praag, Bernard
245 10 - TITLE STATEMENT
Title The introduction of an old-age pension in a growing economy
700 1# - ADDED ENTRY--PERSONAL NAME
Personal name Poeth, Guy
773 0# - HOST ITEM ENTRY
Title Journal of public economics
Related parts - Vol.4, Nº 1 (feb. 1975)
Record control number REV11485

No hay ítems disponibles.